Statistiche per Indovina il Paese dell'Europa dalla Capitale

Clicka qui per fare il quiz!

Statistiche generali

  • Questo quiz è stato fatto 779 volte
  • Il punteggio medio è 40 su 45

Statistiche sulle risposte

CapitalePaese% Corretto
ParigiFrancia
100%
MoscaRussia
100%
RomaItalia
99%
LondraRegno Unito
99%
MadridSpagna
99%
ViennaAustria
98%
BerlinoGermania
98%
AteneGrecia
98%
AmsterdamPaesi Bassi
98%
BruxellesBelgio
97%
KievUcraina
97%
TiranaAlbania
96%
CopenaghenDanimarca
95%
HelsinkiFinlandia
95%
DublinoIrlanda
95%
LussemburgoLussemburgo
95%
VarsaviaPolonia
94%
San MarinoSan Marino
93%
MonacoMonaco
92%
OsloNorvegia
92%
LisbonaPortogallo
92%
PragaRepubblica Ceca
92%
BudapestUngheria
92%
Andorra la VellaAndorra
91%
ZagabriaCroazia
91%
StoccolmaSvezia
91%
Città del VaticanoCittà del Vaticano
90%
ReykjavíkIslanda
90%
BernaSvizzera
90%
SofiaBulgaria
89%
La VallettaMalta
88%
BucarestRomania
88%
RigaLettonia
87%
TallinnEstonia
84%
VilniusLituania
82%
SarajevoBosnia ed Erzegovina
81%
BelgradoSerbia
81%
LubianaSlovenia
78%
SkopjeMacedonia del Nord
77%
MinskBielorussia
75%
PristinaKosovo
74%
PodgoricaMontenegro
74%
BratislavaSlovacchia
73%
VaduzLiechtenstein
72%
ChișinăuMoldavia
71%

Distribuzione punteggi

Percentile per numero di risposta

Percentuale di utenti per punteggio

I tuoi punteggi nel tempo

Non hai fatto questo quiz